Регионална библиотека "Любен Каравелов" - Русе

Neue Nachbarn fur Ole (Запис номер 114391)

MARC детайли
000 -Лидер
Контролно поле с фиксирана дължина 01098nam a2200337 c 4500
003 - Код на организацията, давaща контролен номер
Контролно поле BLK
005 - Дата и час на последна редакция
Контролно поле 20250702084430.0
008 - Елементи от данни с фиксирана дължина
fixed length control field 180409b bul|||||r ||||||| ||bul||
010 ## - Наследен системен номер
LC control number KNG00119822000
020 ## - Международен стандартен номер на книга ISBN
Международен стандартен номер на книга ISBN 9783-411-70820-8
-- издат.: Dudenverl.
040 ## - Източник на каталожния запис
Идентификатор на билиотеката - собственик на записа BLK
041 ## - Код за език
Код за езика на текст/звукозапис или на отделно заглавие Немски
Код за езика КДБФ Немски
072 #7 - Код за тематичната категория
Код организация bullib
Код за тематична категория Н9902
Текст Немска читалня - художествена Н
080 ## - УДК
Текстов определител УДК Немска литература
УДК код - определител по УДК 821.112.2
УДК определител -93-32
УДК - код + определител 821.112.2-93-32
100 1# - Редна дума - Автор
Автор Moll, Susanna
Авторска отговорност първи автор
R(LIN) 313475
139 ## - Редно поле
Редна дума Moll, Susanna
Авторски знак Mol - M 79
245 10 - Сведения за заглавието
Заглавие Neue Nachbarn fur Ole
Редно поле (дума) Susanna Moll; ил. Sandra Reckers.
257 ## - Страна на издаване
Страна на създаване/издаване Германия
260 ## - Област на издателските данни
-- Mannheim
Име на издателя, разпространителя и проч. Dudenverl.
Година на издаване 2009
300 ## - Физическа характеристика
Страници 33 c.
Илюстрации и др. с ил.
Размери/Мащаб 23 cm
380 ## - Жанр
Жанр Детска худож. лит.
490 1# - СЕРИИ (Колекции)
Име на серия Lesedetective
№: серия 1. Klasse
659 ## - Тематичен бюлетин
Тематичен бюлетин Н
700 1# - Други автори (авторска отговорност)
Лично име Reckers, Sandra
Автороска отговорност (Описва отношението между автора и произведението) ил.
9 (RLIN) 22164
852 ## - Местоположение
Форматна сигнатура Цб 45191
856 4# - Електронен адрес и достъп
Електронен формат pdf - файл
Път до файла /url/
856 4# - Електронен адрес и достъп
Електронен формат pdf - файл
Път до файла /url/
942 ## - АРТИКУЛИ
Вид на библиотечния материал Книги
Скрит в OPAC Не
Koha issues (borrowed), all copies 3
944 ## - СЪЗДАВАНЕ И РЕДАКЦИЯ на ЗАПИСА
Създаване/Редакция Създаване
Дата на регистрацията/редакция 30.09.2010
Служител, извършил регистрацията/редакцията 30551
Статус, дата на статуса Бояна Костадинова
944 ## - СЪЗДАВАНЕ И РЕДАКЦИЯ на ЗАПИСА
Създаване/Редакция Редакция
Дата на регистрацията/редакция 21.07.2017
Служител, извършил регистрацията/редакцията Теодора_Стоянова
999 ## - СИСТЕМНИ КОНТРОЛНИ НОМЕРА
Koha biblionumber 114391
Koha biblioitemnumber 114391
Наличности
Код за отписване Код за изгубен артикул Източник на класификационната схема Код за повреда Коз за рестрикции Код за отдаване Артикулен № Име на библиотеката - собственик Име на библиотеката, в която се намира в момента Статус (Текущо местоположение) Дата на вписване в системата Местоположение - отдел Цена в лева Инвентарен номер Систематично азбучна сигнатура Баркод Номер на екземпляра Цена в евро Служебна бележка Служебен тип на артикула
  Не е изгубен Universal Decimal Classification Не е повреден без рестрикции заемане за дома 182954 Регионална библиотека "Любен Каравелов" Русе Регионална библиотека "Любен Каравелов" Русе ЧЧЗО - нем. ез. - Гьоте инст. 2000-01-01 ЧЧЗО - нем. ез. - Гьоте инст. 10.00 120000907105 Ч5 830-93/M 79 120000907105 1 5.11 Дост: DA Вид: А N: стар фонд Дата: 01.01.2000 Книги
Vip Innovations Ltd, Rousse, Bulgaria 2025